Statistics for Busiest air routes from Funchal

Click here to take the quiz!

General Stats

  • This quiz has been taken 83 times
  • The average score is 8 of 10

Answer Stats

PassengersCountryCity% Correct
865,994PortugalLisbon
100%
227,096UKLondon
99%
44,270NetherlandsAmsterdam
97%
41,794FranceParis
97%
59,367UKManchester
96%
218,992PortugalPorto
96%
39,284FinlandHelsinki
93%
37,626GermanyDusseldorf
67%
38,201UKBristol
42%
47,684PortugalPorto Santo
28%

Score Distribution

Percentile by Number Answered

Percent of People with Each Score

Your Score History

You have not taken this quiz